MARC details
| 000 -LEADER |
| campo de control de longitud fija |
01963nam a22003257i 4500 |
| 003 - IDENTIFICADOR DE NÚMERO DE CONTROL |
| campo de control |
Do-SdINT |
| 005 - FECHA Y HORA DE LA ÚLTIMA TRANSACCIÓN |
| campo de control |
20250520113216.0 |
| 008 - DATOS DE LONGITUD FIJA--INFORMACIÓN GENERAL |
| campo de control de longitud fija |
040225s2024 pe s |||| 0|spa d |
| 020 ## - NÚMERO INTERNACIONAL ESTÁNDAR DEL LIBRO |
| Número Internacional Estándar del Libro |
978-612-4355-17-2 |
| 040 ## - FUENTE DE CATALOGACIÓN |
| Centro catalogador/agencia de origen |
DO-SdINT |
| Normas de descripción |
rda |
| Lengua de catalogación |
spa |
| Centro/agencia transcriptor |
DO-SdINT |
| 072 ## - CÓDIGO DE CATEGORÍA DE MATERIA |
| Código de categoría de materia |
CSH |
| 100 ## - ENTRADA PRINCIPAL--NOMBRE DE PERSONA |
| Nombre de persona |
Etesse, Manuel, |
| Fechas asociadas al nombre |
1987- |
| Relación |
aut. |
| 9 (RLIN) |
109477 |
| Término indicativo de función/relación |
autor |
| 245 10 - MENCIÓN DEL TÍTULO |
| Título |
Introducción al análisis de datos cualitativos con inteligencia artificial : |
| Resto del título |
guía práctica para usar ChatGPT en la investigación social y educativa / |
| Mención de responsabilidad, etc. |
Manuel Etesse ; prólogo, Mustafa Suleyman y Michael Bhaskar |
| 250 ## - MENCION DE EDICION |
| Mención de edición |
Primera edición. |
| 264 ## - PRODUCCIÓN, PUBLICACIÓN, DISTRIBUCIÓN, FABRICACIÓN Y COPYRIGHT |
| Producción, publicación, distribución, fabricación y copyright |
Perú : |
| Nombre del de productor, editor, distribuidor, fabricante |
Pontifcia Universidad Católica del Perú ; Facultad de Ciencias Sociales : |
| -- |
Centro de Investigaciones Sociológicas, Económicas, Políticas y Antropológicas, Cisepa, |
| Fecha de producción, publicación, distribución, fabricación o copyright |
2024 |
| 300 ## - DESCRIPCIÓN FÍSICA |
| Extensión |
1 recurso en línea (88 páginas) |
| 336 ## - TIPO DE CONTENIDO |
| Término de tipo de contenido |
texto |
| Código de tipo de contenido |
txt |
| Fuente |
rdacontent |
| 337 ## - TIPO DE MEDIO |
| Nombre/término del tipo de medio |
computadora |
| Código del tipo de medio |
c |
| Fuente |
rdamedia |
| 338 ## - TIPO DE SOPORTE |
| Nombre/término del tipo de soporte |
recurso en línea |
| Código del tipo de soporte |
c |
| Fuente |
rdacarrier |
| 347 ## - CARACTERÍSTICAS DEL ARCHIVO DIGITAL |
| Tipo de archivo |
archivo de texto |
| Formato de codificación |
PDF |
| Fuente |
rda |
| 505 ## - NOTA DE CONTENIDO CON FORMATO |
| Nota de contenido con formato |
Prólogo 11 -- Introducción 15. ¿Inteligencia artificial para potenciar el análisis cualitativo? -- Capítulo 1. La estrategia Aexco y el uso ético de ChatGPT -- Capítulo 2. Preparar el análisis: obtención de una asistencia útil para mi proyecto -- Capítulo 3. Explorar mis datos paso a paso con ChatGPT -- Capítulo 4. Codificar contenidos paso a paso con ayuda de ChatGPT -- Cierre 81 -- Referencias bibliográficas 83 -- Siglas 87 |
| 506 0# - NOTA DE RESTRICCIONES AL ACCESO |
| Limitaciones de acceso |
Open Access |
| 650 #7 - PUNTO DE ACCESO ADICIONAL DE MATERIA--TÉRMINO DE MATERIA |
| Término de materia o nombre geográfico como elemento de entrada |
Inteligencia artificial |
| Fuente del encabezamiento o término |
ARMARC |
| 9 (RLIN) |
34332 |
| Subdivisión general |
Guías |
| 650 #7 - PUNTO DE ACCESO ADICIONAL DE MATERIA--TÉRMINO DE MATERIA |
| Término de materia o nombre geográfico como elemento de entrada |
Investigación social |
| Fuente del encabezamiento o término |
ARMARC |
| 9 (RLIN) |
34405 |
| 650 #7 - PUNTO DE ACCESO ADICIONAL DE MATERIA--TÉRMINO DE MATERIA |
| Término de materia o nombre geográfico como elemento de entrada |
Educación |
| Fuente del encabezamiento o término |
ARMARC |
| 9 (RLIN) |
32163 |
| Subdivisión general |
Investigaciones |
| 700 ## - ENTRADA AGREGADA--NOMBRE PERSONAL |
| Nombre de persona |
Suleyman, Mustafa, |
| Fechas asociadas al nombre |
1984- |
| Relación |
prol. |
| 9 (RLIN) |
109478 |
| Término indicativo de función/relación |
prologuista |
| 700 ## - ENTRADA AGREGADA--NOMBRE PERSONAL |
| Nombre de persona |
Bhaskar, Michael |
| Relación |
prol. |
| 9 (RLIN) |
109479 |
| Término indicativo de función/relación |
prologuista |
| 856 ## - LOCALIZACIÓN Y ACCESO ELECTRÓNICOS |
| Texto de enlace |
Acceso a Texto Completo |
| Identificador Uniforme de Recurso |
<a href="https://opacbiblioteca.intec.edu.do/opac-tmpl/files/recursoselectronicos/1732650194259.pdf">https://opacbiblioteca.intec.edu.do/opac-tmpl/files/recursoselectronicos/1732650194259.pdf</a> |
| 942 ## - ELEMENTOS DE ENTRADA SECUNDARIOS (KOHA) |
| Tipo de ítem Koha |
|
| Fuente de la clasificación o esquema de estantería |
Clasificación Decimal Dewey |